| 000 | 00590nam a2200169 a 4500 | ||
|---|---|---|---|
| 008 | 120416s1993 ||||||||||||||||| || u | ||
| 020 | _a0582215854 | ||
| 050 | _aKD 175.B8 Ore | ||
| 100 | _aO`reilly, Michael Patrick | ||
| 245 | 1 | 0 | _aPrinciples of construction law |
| 260 |
_aEssex, Eng.: _bLongman _c1993 |
||
| 300 | _axxiii, 300p. | ||
| 350 | _a0.00 | ||
| 650 | _aCONSTRUCTION LAW--STUDY AND TEACHING | ||
| 650 | _aBUILDING | ||
| 995 |
_D0.00 _FCBU-MAIN LIBRARY (Kitwe) _H1 _I0.00 _M1 _UAVAILABLE _ZMain Library Open Access Collection |
||
| 999 |
_c54533 _d54533 |
||